00362nam a2200121Ia 4500008004100000082002000041245002500061260000900086300001000095942001200105999001900117952010400136210430s9999 xx 000 0 und d a657.0285 M2661C aCAT Interactive Text c2007 a404p. cBK2ddc c565549d565549 00104070aSCMEbSCMEcCARTd2012-01-16l0o657.0285 M2661CpSCME- D46r2021-04-30w2021-04-30yBK